[Event "Millionaire Chess Open 2014"]
[Site "Las Vegas USA"]
[Date "2014.10.13"]
[Round "8.29"]
[White "De Guzman, Ricardo"]
[Black "Davis, Tony USA"]
[Result "1-0"]
[WhiteTitle "IM"]
[WhiteElo "2379"]
[BlackElo "2218"]
[WhiteFideId "5200121"]
[BlackFideId "2014300"]
[EventDate "2014.10.09"]

1. d4 Nf6 2. Nf3 d5 3. Bg5 e6 4. Nbd2 Be7 5. c3 Nbd7 6. e3 h6 7. Bh4 b6 8. a4 a5
9. Bb5 O-O 10. Bc6 Ra7 11. O-O Bb7 12. Bb5 Ne4 13. Bxe7 Qxe7 14. Bxd7 Qxd7 15.
Ne5 Qe7 16. f3 Nxd2 17. Qxd2 Qe8 18. Qc2 f6 19. Ng6 Rf7 20. f4 c5 21. h4 Bc6 22.
g4 Qb8 23. Rf2 Be8 24. g5 f5 25. Rg2 Kh7 26. Ne5 Rfc7 27. Kh2 b5 28. axb5 Qxb5
29. Qf2 Bh5 30. Qg3 Qe8 31. dxc5 Rxc5 32. Qf2 Rcc7 33. Qd2 Qb5 34. Qd4 Qc5 35.
g6+ Kg8 36. Qxc5 Rxc5 37. b4 Rxc3 38. bxa5 Rxe3 39. a6 Kf8 40. Rb1 Ra8 41. a7 1-0

[Event "Millionaire Chess Open 2014"]
[Site "Las Vegas USA"]
[Date "2014.10.13"]
[Round "8.31"]
[White "Zygouris, Hristos"]
[Black "Schneider, Igor"]
[Result "0-1"]
[BlackTitle "FM"]
[WhiteElo "2200"]
[BlackElo "2338"]
[WhiteFideId "4200292"]
[BlackFideId "2019043"]
[EventDate "2014.10.09"]

1. Nf3 d5 2. g3 c6 3. Bg2 Nf6 4. O-O Bg4 5. c4 e6 6. d3 Nbd7 7. cxd5 exd5 8. Qc2
Bd6 9. Nh4 O-O 10. h3 Be6 11. e4 Nh5 12. Nf3 Qb6 13. e5 Bc7 14. g4 f6 15. gxh5
fxe5 16. Be3 Qb4 17. Rc1 Qd6 18. Nbd2 h6 19. Bc5 Nxc5 20. Qxc5 Qd7 21. Qe3 Rae8
22. Re1 Bf7 23. Qxa7 Bxh5 24. Qa4 Bg6 25. Qb3 Kh8 26. Rad1 Bh5 27. Re3 Bf7 28.
Qb4 Bd6 29. Qh4 Bg6 30. Rde1 Rf5 31. Qa4 Kh7 32. Nh4 Rf4 0-1

[Event "Millionaire Chess Open 2014"]
[Site "Las Vegas USA"]
[Date "2014.10.13"]
[Round "8.33"]
[White "Ruiz C, Joshua D"]
[Black "Harris, Ian"]
[Result "1/2-1/2"]
[WhiteTitle "IM"]
[WhiteElo "2395"]
[BlackElo "2122"]
[WhiteFideId "4400704"]
[BlackFideId "2020092"]
[EventDate "2014.10.09"]

1. e4 e5 2. Nf3 Nc6 3. d4 exd4 4. Nxd4 Nf6 5. Nxc6 bxc6 6. Qe2 d6 7. Nc3 Be7 8.
f3 O-O 9. Be3 Be6 10. Qa6 c5 11. O-O-O Nd7 12. f4 f5 13. e5 Qc8 14. Qc6 Rb8 15.
Nd5 Bxd5 16. Qxd5+ Kh8 17. Qe6 Qe8 18. Bd3 Nxe5 19. fxe5 Bg5 20. Qxe8 Bxe3+ 21.
Kb1 Rbxe8 22. exd6 cxd6 1/2-1/2

[Event "Millionaire Chess Open 2014"]
[Site "Las Vegas USA"]
[Date "2014.10.13"]
[Round "8.35"]
[White "Brendel, Oliver"]
[Black "Chandran, Kapil"]
[Result "0-1"]
[WhiteTitle "IM"]
[WhiteElo "2359"]
[BlackElo "2198"]
[WhiteFideId "4602048"]
[BlackFideId "2034077"]
[EventDate "2014.10.09"]

1. c4 c5 2. g3 Nf6 3. Bg2 e6 4. Nf3 Qc7 5. Nc3 a6 6. O-O Be7 7. b3 b6 8. d4 cxd4
9. Nxd4 Bb7 10. Bf4 Qc8 11. Nf3 O-O 12. Na4 Qc6 13. Rc1 d6 14. Qd2 Nbd7 15. Qb4
Rab8 16. Rfd1 Nc5 17. Ne1 Qc7 18. Bxb7 Rxb7 19. Nxc5 bxc5 20. Qd2 Rd8 21. Nc2
Qc6 22. Qd3 Rbd7 23. Qc3 h6 24. Qf3 Qxf3 25. exf3 d5 26. Ne1 d4 27. Nd3 Rb7 28.
Bd2 Nd7 29. b4 Rc8 30. a3 Rbc7 31. Bf4 Rc6 32. b5 axb5 33. cxb5 Rb6 34. a4 g5
35. Ne5 Rb7 36. Rxd4 Nb6 37. Rdd1 gxf4 38. a5 Nd5 39. b6 fxg3 40. hxg3 Nb4 41.
Rd7 Rxd7 42. Nxd7 Na6 43. Kf1 f6 44. Ke2 Rd8 45. Rd1 Kf7 46. b7 Ke8 47. Nb6 Rxd1 0-1

[Event "Millionaire Chess Open 2014"]
[Site "Las Vegas USA"]
[Date "2014.10.13"]
[Round "8.36"]
[White "Felecan, Florin"]
[Black "Akopyan, Harutyun"]
[Result "0-1"]
[WhiteTitle "IM"]
[BlackTitle "FM"]
[WhiteElo "2355"]
[BlackElo "2242"]
[WhiteFideId "2016230"]
[BlackFideId "2012014"]
[EventDate "2014.10.09"]

1. g3 Nf6 2. Bg2 e6 3. e4 d5 4. e5 Nfd7 5. f4 c5 6. Nf3 Nc6 7. O-O Be7 8. d3 O-O
9. c4 Nb6 10. Na3 f6 11. Kh1 Bd7 12. Qe2 f5 13. Nc2 Rc8 14. b3 Be8 15. Be3 Bh5
16. Qf2 d4 17. Bd2 Rc7 18. a3 Rd7 19. Qe1 h6 20. a4 g5 21. b4 cxb4 22. Nxb4 Na5
23. Qb1 Nc8 24. Nc2 Nc6 25. Qb2 a5 26. Be1 Kh8 27. Bf2 Bc5 28. Qc1 Rg8 29. Rb1
Qf8 30. Re1 gxf4 31. Qxf4 Rg4 32. Qd2 f4 33. h3 Rg8 34. g4 Be8 35. Re4 Rf7 36.
Bh4 Be7 37. Bxe7 N8xe7 38. Rxb7 h5 39. Ncxd4 hxg4 40. hxg4 Qh6+ 41. Kg1 Rxg4 42.
Re2 Rh7 43. Kf1 Nxd4 44. Nxd4 Rxg2 45. Rxg2 Qh1+ 46. Kf2 Rh2 47. Kf3 Bh5+ 48.
Kxf4 Rxg2 0-1

[Event "Millionaire Chess Open 2014"]
[Site "Las Vegas USA"]
[Date "2014.10.13"]
[Round "8.41"]
[White "Crespo Hidalgo, Carlos"]
[Black "Kavutskiy, Konstantin"]
[Result "1/2-1/2"]
[BlackTitle "FM"]
[WhiteElo "2172"]
[BlackElo "2307"]
[WhiteFideId "3605612"]
[BlackFideId "2026384"]
[EventDate "2014.10.09"]

1. d4 Nf6 2. c4 e6 3. Nc3 Bb4 4. Qc2 O-O 5. Bg5 d6 6. Nf3 Nbd7 7. a3 Bxc3+ 8.
Qxc3 h6 9. Bc1 b6 10. e3 Bb7 11. b3 Ne4 12. Qc2 f5 13. Bb2 Ndf6 14. h3 Qe8 15.
Bd3 a5 16. Rg1 Nh7 17. Nd2 Nxd2 18. Qxd2 Ng5 19. O-O-O d5 20. f3 a4 21. b4 Ba6
22. c5 Bxd3 23. Qxd3 Nh7 24. Rde1 Rd8 25. Kb1 b5 26. Qc2 Qg6 27. Re2 c6 28. Bc3
Ng5 29. Rh1 Nf7 30. Ka1 Rfe8 31. f4 h5 32. h4 Nh6 33. Rh3 Ng4 34. Be1 Qf6 35.
Kb1 Rf8 36. Rf3 Qe7 37. Rh3 Rf6 38. Rh1 Rg6 39. g3 Nf6 40. Rg2 Rg4 41. Kb2 Ne4
42. Qe2 Kf7 43. Kc1 Ke8 44. Kb2 Kd7 45. Kc1 Kc7 46. Kb2 Kb7 47. Rf1 Rg8 48. Qf3
Ka6 49. Ka1 Rf8 50. Rfg1 Qd8 51. Qd1 Rf7 52. Kb2 Rd7 53. Bc3 Qg8 54. Qc2 Qf7 55.
Kb1 e5 56. dxe5 Qg6 57. Bd4 Rd8 58. Rc1 Rh8 59. Rd1 Rf8 60. Qe2 Qe6 1/2-1/2

[Event "Millionaire Chess Open 2014"]
[Site "Las Vegas USA"]
[Date "2014.10.13"]
[Round "8.43"]
[White "Makka, Ioulia"]
[Black "Rozman, Levy"]
[Result "1-0"]
[WhiteTitle "WIM"]
[WhiteElo "2098"]
[BlackElo "2284"]
[WhiteFideId "4205316"]
[BlackFideId "2039877"]
[EventDate "2014.10.09"]

1. e4 d6 2. d4 Nf6 3. Nc3 g6 4. Be3 c6 5. h3 b5 6. a3 a6 7. Nf3 Qc7 8. Qd2 Nbd7
9. Bh6 Bxh6 10. Qxh6 Bb7 11. Ng5 c5 12. d5 Qa5 13. Ra2 Rf8 14. Nxh7 Nxh7 15.
Qxh7 O-O-O 16. Qh6 f5 17. Qxg6 Rf6 18. Qh7 fxe4 19. Qxe4 e6 20. b4 Qb6 21. f3 c4
22. Be2 Re8 23. Nd1 Qd8 24. c3 exd5 25. Qh4 Ne5 26. O-O Rh8 27. Qd4 Nc6 28. Qe3
d4 29. cxd4 Re8 30. Qf2 Rf4 31. d5 Nd4 32. Nc3 Qg5 33. Rd1 Qg7 34. Rc1 Qh6 35.
Rd1 Qg7 36. Rc1 Kb8 37. a4 Ref8 38. Kh1 Qe5 39. axb5 axb5 40. Ra5 Nb3 41. Qa7+
Kc8 42. Rxb5 R8f7 43. Rc2 Nd4 44. Ra2 Nxb5 45. Nxb5 Qxd5 46. Qb6 1-0

[Event "Millionaire Chess Open 2014"]
[Site "Las Vegas USA"]
[Date "2014.10.13"]
[Round "8.46"]
[White "Zaloznyy, Mike"]
[Black "Calugar, Arthur"]
[Result "0-1"]
[BlackTitle "IM"]
[WhiteElo "2051"]
[BlackElo "2240"]
[WhiteFideId "2023075"]
[BlackFideId "2606933"]
[EventDate "2014.10.09"]

1. d4 Nf6 2. Nc3 d5 3. Bg5 e6 4. Nf3 Bb4 5. Qd3 c5 6. dxc5 Nc6 7. a3 Bxc5 8. Rd1
Qb6 9. e3 Qxb2 10. Rb1 Qxa3 11. Rb3 Qc1+ 12. Ke2 Bd7 13. e4 Nd4+ 14. Nxd4 Qxg5
15. Nf3 Qh5 16. exd5 exd5 17. Rxb7 O-O 18. Rxd7 Rfe8+ 19. Kd1 Nxd7 20. Qxd5 Ne5
21. Bd3 Bxf2 22. Ne4 Rad8 23. Qb5 a6 24. Qa5 Nxd3 25. Qxh5 Nf4+ 26. Nfd2 Rxd2+
27. Kxd2 Rd8+ 28. Kc3 Bd4+ 29. Kb4 Nxh5 30. Ka5 f5 31. Ng5 Rc8 32. Kxa6 Be3 33.
Nf3 Rxc2 34. g3 g5 35. Re1 f4 36. Nxg5 fxg3 37. Nf3 gxh2 38. Nxh2 Rxh2 39. Rxe3
Rb2 40. Re5 Nf6 41. Re7 h5 42. Rc7 h4 43. Rc3 Kg7 44. Rh3 Rb4 45. Ka5 Re4 0-1

[Event "Millionaire Chess Open 2014"]
[Site "Las Vegas USA"]
[Date "2014.10.13"]
[Round "8.47"]
[White "Estay Torreblanca, Oscar"]
[Black "Obili, Abhishek"]
[Result "1-0"]
[WhiteElo "2235"]
[BlackElo "2048"]
[WhiteFideId "3404250"]
[BlackFideId "2071584"]
[EventDate "2014.10.09"]

1. e4 c5 2. Nf3 Nc6 3. Nc3 g6 4. d4 cxd4 5. Nxd4 Bg7 6. Be3 Nf6 7. Be2 O-O 8.
Qd2 d5 9. exd5 Nxd5 10. Nxd5 Qxd5 11. Bf3 Qe5 12. Nxc6 bxc6 13. O-O Ba6 14. Rfb1
Rfd8 15. Qb4 e6 16. Bxc6 Rac8 17. Qa4 Qd6 18. Bf3 Bc4 19. Qxa7 Be5 20. h3 Rd7
21. Qa4 Rdc7 22. Rd1 Bd5 23. Bxd5 exd5 24. c3 Rc4 25. Qb5 d4 26. cxd4 Bxd4 27.
Bxd4 Rxd4 28. Rxd4 Qxd4 29. Qe2 Rb8 30. Rb1 Rb4 31. b3 Qd5 32. Re1 Qb7 33. Qe8+
Kg7 34. Qe5+ Kg8 35. Rd1 Qc8 36. Qd6 Rb8 37. Qd2 Qf5 38. Qd3 Qa5 39. Qd2 Qb5 40.
Re1 Qc5 41. Qd7 Rf8 42. Qe7 Qc2 43. Qe2 Qc3 44. g3 Qc5 45. Qb2 Qb4 46. Rd1 Qa5
47. a3 Qh5 48. Qd4 Qxh3 49. b4 Qf5 50. a4 Qc2 51. b5 Qb3 52. b6 Ra8 53. Ra1 Qf3
54. a5 Qb7 55. Qc4 Rc8 56. a6 1-0

[Event "Millionaire Chess Open 2014"]
[Site "Las Vegas USA"]
[Date "2014.10.13"]
[Round "8.48"]
[White "Barnett, Alexander"]
[Black "Heredia Serrano, Carla"]
[Result "0-1"]
[WhiteTitle "FM"]
[BlackTitle "WGM"]
[WhiteElo "2194"]
[BlackElo "2135"]
[WhiteFideId "2019906"]
[BlackFideId "3603687"]
[EventDate "2014.10.09"]

1. e4 c6 2. d4 d5 3. e5 c5 4. Ne2 Nc6 5. c3 e6 6. Nd2 Nge7 7. dxc5 Ng6 8. f4
Bxc5 9. Nb3 Bb6 10. Ned4 f6 11. Qh5 fxe5 12. Nxc6 bxc6 13. fxe5 O-O 14. Nd2 Rf5 0-1

[Event "Millionaire Chess Open 2014"]
[Site "Las Vegas USA"]
[Date "2014.10.13"]
[Round "8.49"]
[White "Melekhina, Alisa"]
[Black "Obrien, Matthew J"]
[Result "1-0"]
[WhiteTitle "FM"]
[WhiteElo "2190"]
[BlackElo "1962"]
[WhiteFideId "2022613"]
[BlackFideId "2059150"]
[EventDate "2014.10.09"]

1. e4 c5 2. Nc3 d6 3. g3 Nc6 4. Bg2 g6 5. d3 Bg7 6. Nge2 Nf6 7. O-O O-O 8. h3
Rb8 9. f4 Bd7 10. g4 b5 11. Ng3 b4 12. Nce2 Ne8 13. f5 a5 14. g5 a4 15. Rb1 Nd4
16. h4 Nc7 17. Nxd4 Bxd4+ 18. Kh1 Nb5 19. Ne2 Be5 20. Qe1 a3 21. b3 Bc6 22. h5
d5 23. Bf4 Qd6 24. Qh4 dxe4 25. dxe4 Rbd8 26. Rbe1 Nd4 27. Nxd4 Qxd4 28. Re3
Bxf4 29. Qxf4 Qd6 30. Qh4 Qe5 31. Rh3 gxf5 32. g6 Bxe4 33. Rg3 Bxg2+ 34. Rxg2
Qe4 35. Qg5 Qe5 36. Qh6 hxg6 37. hxg6 Qh8 38. Qxh8+ Kxh8 39. g7+ 1-0

[Event "Millionaire Chess Open 2014"]
[Site "Las Vegas USA"]
[Date "2014.10.13"]
[Round "8.50"]
[White "Strowski, Yannick"]
[Black "Perez Avendano, Paul Omar"]
[Result "1/2-1/2"]
[BlackTitle "FM"]
[WhiteElo "2145"]
[BlackElo "2251"]
[WhiteFideId "601861"]
[BlackFideId "5102847"]
[EventDate "2014.10.09"]

1. e4 c5 2. Nc3 Nc6 3. f4 g6 4. Nf3 Bg7 5. Bb5 Nd4 6. O-O a6 7. Bc4 b5 8. Bd5
Rb8 9. d3 e6 10. Bb3 Ne7 11. e5 Bb7 12. Nxd4 cxd4 13. Ne4 Bxe4 14. dxe4 Nc6 15.
f5 Bxe5 16. Qg4 Qe7 17. fxe6 dxe6 18. Bg5 Qd6 19. Rf6 Bxf6 20. Bxf6 Rf8 21. e5
Qc5 22. Rd1 d3+ 23. Kh1 dxc2 24. Rc1 Nd4 25. Qe4 a5 26. h3 Rc8 27. Bxc2 Qd5 28.
Rd1 Rc4 29. Qxd5 exd5 30. Bb3 Nxb3 31. Rxd5 Rd4 32. Rxb5 Kd7 33. axb3 Rb4 34.
Rxa5 Rxb3 35. Ra7+ Ke6 36. Re7+ Kf5 37. Bg7 1/2-1/2

[Event "Millionaire Chess Open 2014"]
[Site "Las Vegas USA"]
[Date "2014.10.13"]
[Round "8.52"]
[White "Stancil, Kimani A"]
[Black "Florez, Carlos Julio"]
[Result "1-0"]
[WhiteElo "2071"]
[BlackElo "2168"]
[WhiteFideId "2018594"]
[BlackFideId "4400810"]
[EventDate "2014.10.09"]

1. e4 c5 2. Nf3 g6 3. d4 cxd4 4. Nxd4 Nc6 5. c4 Nf6 6. Nc3 Nxd4 7. Qxd4 Bg7 8.
f3 d6 9. Be3 O-O 10. Qd2 Be6 11. Be2 a5 12. O-O a4 13. Rab1 Qa5 14. Rfc1 Rfc8
15. b4 axb3 16. axb3 Qb4 17. Qc2 Nd7 18. Nb5 Ne5 19. Kf1 Bd7 20. Nc3 e6 21. Bd2
Qb6 22. Bf4 Bc6 23. Qd2 Rd8 24. Bg5 f6 25. Be3 Qb4 26. Qc2 f5 27. exf5 gxf5 28.
Na4 Nd7 29. Bd2 Qa3 30. Nc3 Qa7 31. Bg5 Nf6 32. Qd2 Rd7 33. b4 b6 34. Ra1 Qb8
35. Rxa8 Qxa8 36. Qe3 e5 37. b5 Bb7 38. Qxb6 e4 39. Bxf6 exf3 40. gxf3 Bxf6 41.
Nd5 Be5 42. Qe3 Kh8 43. Rd1 Bxd5 44. Rxd5 f4 45. Qe4 Rg7 46. Rxd6 Qb8 47. Qxe5 1-0

[Event "Millionaire Chess Open 2014"]
[Site "Las Vegas USA"]
[Date "2014.10.13"]
[Round "8.53"]
[White "Braunlich, Tom"]
[Black "Sage, J Timothy"]
[Result "1-0"]
[WhiteElo "2145"]
[BlackElo "2095"]
[WhiteFideId "2017016"]
[BlackFideId "2086158"]
[EventDate "2014.10.09"]

1. d4 Nf6 2. Bg5 e6 3. e4 c5 4. d5 d6 5. Nc3 a6 6. a4 Be7 7. Bd2 O-O 8. Bc4 exd5
9. exd5 Bg4 10. f3 Bf5 11. Nge2 Nbd7 12. Ng3 Bg6 13. f4 h5 14. O-O h4 15. Nh1
Bf5 16. Be2 Re8 17. Bf3 c4 18. Nf2 Nc5 19. g4 hxg3 20. hxg3 Bd7 21. g4 b5 22. g5
Nh7 23. Nce4 Nxa4 24. Bh5 g6 25. Bg4 c3 26. Nxc3 Nxb2 27. Qf3 Nc4 28. Bc1 f5 29.
gxf6 Nxf6 30. Be6+ Bxe6 31. dxe6 Rf8 32. f5 Nh5 33. Qg4 Ne5 34. Qg2 Rxf5 35. Nd3
Rxf1+ 36. Kxf1 Qf8+ 37. Ke2 Nxd3 38. cxd3 Kh7 39. Ne4 Re8 40. Rxa6 Qf5 41. Kd1
Qxe6 42. Bb2 Rc8 43. Ra7 Kg8 44. Rxe7 Qxe7 45. Qxg6+ Kf8 46. Qf5+ Qf7 47. Qxc8+
Qe8 48. Qf5+ Qf7 49. Qxb5 d5 50. Qb8+ Ke7 51. Ba3+ Kd7 52. Qb7+ 1-0

[Event "Millionaire Chess Open 2014"]
[Site "Las Vegas USA"]
[Date "2014.10.13"]
[Round "8.54"]
[White "Bjorksten, Lennart"]
[Black "Beilin, Allan"]
[Result "1/2-1/2"]
[WhiteElo "2127"]
[BlackElo "2076"]
[WhiteFideId "2096951"]
[BlackFideId "2033160"]
[EventDate "2014.10.09"]

1. d4 d5 2. c4 e6 3. Nc3 Nf6 4. cxd5 exd5 5. Bg5 c6 6. e3 Be7 7. Bd3 Nbd7 8.
Nge2 O-O 9. O-O Ne4 10. Bxe7 Qxe7 11. Qc2 f5 12. Rae1 Qg5 13. b4 a6 14. a4 Ndf6
15. Nf4 Qh4 16. f3 Nxc3 17. Qxc3 Bd7 18. b5 axb5 19. axb5 Rfe8 20. bxc6 bxc6 21.
Bc2 Qh6 22. Qd2 Nh5 23. Nd3 Qd6 24. Ra1 g6 25. Rfc1 Rf8 26. Ne5 Nf6 27. Ra5 Rfe8
28. Qc3 Rxa5 29. Qxa5 c5 30. Qa3 Qe7 31. Nxd7 Nxd7 32. dxc5 Nxc5 33. Bxf5 gxf5
34. Rxc5 f4 35. e4 h6 36. Qc3 dxe4 37. Rc7 Qe5 38. Qxe5 Rxe5 39. fxe4 Rxe4 40.
Kf2 Rb4 41. Kf3 Ra4 42. Re7 Ra2 43. Re4 Kg7 44. Rxf4 Ra3+ 45. Kg4 Kg6 46. Rb4
Ra6 47. Kh4 Rc6 48. Rg4+ Kh7 49. Ra4 Kg6 50. g4 Rb6 51. Ra5 Rc6 52. Kg3 Rc3+ 53.
Kh4 Rc6 54. Rh5 Rc3 55. h3 Ra3 56. Rb5 Ra6 57. Rb3 Rc6 58. Kg3 Ra6 59. h4 Ra4
60. Rb6+ Kg7 61. Rb7+ Kg8 62. Re7 Rb4 63. Kf3 h5 1/2-1/2

[Event "Millionaire Chess Open 2014"]
[Site "Las Vegas USA"]
[Date "2014.10.13"]
[Round "8.55"]
[White "Rueda, Libardo"]
[Black "Harriott, Tyrell"]
[Result "0-1"]
[WhiteElo "2142"]
[BlackElo "2175"]
[WhiteFideId "2008971"]
[BlackFideId "2086484"]
[EventDate "2014.10.09"]

1. b4 d6 2. Bb2 Nd7 3. e3 c6 4. c4 Ngf6 5. Nf3 e5 6. Nc3 Be7 7. Be2 O-O 8. Qc2
d5 9. b5 Bd6 10. bxc6 bxc6 11. cxd5 cxd5 12. Nb5 Bb8 13. Ba3 Re8 14. Rc1 Ba6 15.
Nc7 Bxc7 16. Bxa6 Ba5 17. Rb1 Re6 18. Be2 Rc8 19. Qa4 Ne4 20. O-O Bxd2 21. Nxd2
Nxd2 22. Bg4 Rc4 23. Qxa7 Rxg4 24. f3 Nxb1 25. Rxb1 Rc4 26. Rb7 Rec6 27. Rxd7
Rc1+ 28. Bxc1 Rxc1+ 29. Kf2 Qh4+ 0-1

[Event "Millionaire Chess Open 2014"]
[Site "Las Vegas USA"]
[Date "2014.10.13"]
[Round "9.2"]
[White "Naroditsky, Daniel"]
[Black "Shankland, Samuel L"]
[Result "1/2-1/2"]
[WhiteTitle "GM"]
[BlackTitle "GM"]
[WhiteElo "2601"]
[BlackElo "2633"]
[WhiteFideId "2026961"]
[BlackFideId "2004887"]
[EventDate "2014.10.09"]

1. e4 c5 2. Nf3 d6 3. Bb5+ Nd7 4. d4 cxd4 5. Qxd4 Nf6 6. O-O g6 7. e5 dxe5 8.
Nxe5 Bg7 9. Rd1 O-O 10. Nxd7 Nxd7 11. Qa4 Nc5 12. Rxd8 Rxd8 13. Qf4 Rd1+ 14. Bf1
Ne6 15. Qe3 Bd4 16. Qh6 Bg7 17. Qe3 Bd4 18. Qh6 Bg7 19. Qe3 1/2-1/2

[Event "Millionaire Chess Open 2014"]
[Site "Las Vegas USA"]
[Date "2014.10.13"]
[Round "9.3"]
[White "Kaidanov, Gregory S"]
[Black "Bu, Xiangzhi"]
[Result "1/2-1/2"]
[WhiteTitle "GM"]
[BlackTitle "GM"]
[WhiteElo "2569"]
[BlackElo "2710"]
[WhiteFideId "2008564"]
[BlackFideId "8601445"]
[EventDate "2014.10.09"]

1. Nf3 Nf6 2. c4 c6 3. Nc3 d5 4. e3 g6 5. Be2 Bg7 6. O-O O-O 7. d4 e6 8. b3 b6
9. Ba3 Re8 10. Rc1 Bb7 11. Ne5 Nbd7 12. f4 a6 13. Bf3 Rc8 14. Qd2 Bf8 15. Bxf8
Rxf8 16. Rfd1 Qe7 17. Qe1 Rfe8 18. Qh4 Kg7 19. Nxd7 Qxd7 20. Na4 Qc7 21. Qe1 Rb8
22. Qb4 Bc8 23. Qc3 Bd7 24. Nb2 Rec8 25. Nd3 Be8 26. Ne5 Qd8 27. Qd3 a5 28. Qd2
Nd7 29. Nd3 Nf6 30. Ne5 Nd7 31. Nd3 Nf6 32. Rc2 Ng8 33. Nf2 Nf6 34. Nd3 Ng8 35.
Nf2 Nf6 36. Qc1 Qe7 37. Nd3 Qd8 38. Nf2 Qe7 39. Nd3 Qd8 1/2-1/2

[Event "Millionaire Chess Open 2014"]
[Site "Las Vegas USA"]
[Date "2014.10.13"]
[Round "9.7"]
[White "Sadorra, Julio Catalino"]
[Black "Fishbein, Alexander"]
[Result "1/2-1/2"]
[WhiteTitle "GM"]
[BlackTitle "GM"]
[WhiteElo "2592"]
[BlackElo "2472"]
[WhiteFideId "5201268"]
[BlackFideId "2000377"]
[EventDate "2014.10.09"]

1. d4 Nf6 2. c4 g6 3. Nc3 Bg7 4. e4 d6 5. h3 O-O 6. Be3 a6 7. Nf3 c6 8. Bd3 b5
9. O-O Nbd7 10. e5 Ne8 11. exd6 exd6 12. Bg5 Nef6 13. Ne4 Qc7 14. Rc1 bxc4 15.
Rxc4 Nd5 16. Qc1 Bb7 17. Bf4 Nxf4 18. Qxf4 Nb6 19. Rcc1 Rad8 20. Nf6+ Bxf6 21.
Qxf6 Nd5 22. Qg5 Qe7 23. Qh6 Qf6 24. Bc4 c5 25. dxc5 dxc5 26. Rfd1 Qg7 27. Qxg7+
Kxg7 28. Ne5 Rfe8 29. Nd3 Nb6 30. Nxc5 Rxd1+ 31. Rxd1 Nxc4 32. Nxb7 Nxb2 33. Rd6
Re7 34. Nc5 a5 35. Rd2 Nc4 36. Rd4 Nb6 1/2-1/2

[Event "Millionaire Chess Open 2014"]
[Site "Las Vegas USA"]
[Date "2014.10.13"]
[Round "9.8"]
[White "Le, Quang Liem"]
[Black "Matamoros Franco, Carlos S."]
[Result "1/2-1/2"]
[WhiteTitle "GM"]
[BlackTitle "GM"]
[WhiteElo "2706"]
[BlackElo "2517"]
[WhiteFideId "12401137"]
[BlackFideId "3600017"]
[EventDate "2014.10.09"]

1. d4 e6 2. Nf3 Nf6 3. c4 b6 4. Nc3 Bb7 5. a3 d5 6. Bg5 Be7 7. e3 O-O 8. Rc1 c5
9. dxc5 bxc5 10. Be2 Nbd7 11. O-O Ne4 12. Bxe7 Qxe7 13. cxd5 Nxc3 14. Rxc3 exd5
15. Qc2 Rab8 16. Rd1 Rfc8 17. Ne1 Nf6 18. Bf3 g6 19. h3 c4 20. Qc1 Bc6 21. Nc2
Qb7 22. Nb4 a5 23. Nxc6 Qxc6 24. Rd4 Qe6 25. Rc2 Rc5 26. Rcd2 h5 27. Qd1 Rbb5
28. g4 hxg4 29. hxg4 Qe5 30. Kg2 Kg7 31. Qh1 Rb8 32. Qh3 Rcb5 33. Qg3 Qxg3+ 34.
Kxg3 Rxb2 35. Rxb2 Rxb2 36. g5 Ne4+ 37. Bxe4 dxe4 38. Rxc4 Rb5 39. Kg4 Rf5 40.
Rxe4 Rxf2 41. Re5 f5+ 42. gxf6+ Kxf6 43. Rxa5 Ra2 44. a4 Ra3 45. e4 Ra1 46. Kf3
g5 47. Ra8 Ra3+ 48. Kg4 Re3 49. Re8 Kf7 50. Re5 Kf6 51. Rf5+ Ke6 52. a5 Rxe4+
53. Kxg5 Ra4 54. a6 Kd7 55. a7 Kc7 56. Rf8 Rxa7 57. Rf7+ Kb6 58. Rxa7 Kxa7 1/2-1/2

[Event "Millionaire Chess Open 2014"]
[Site "Las Vegas USA"]
[Date "2014.10.13"]
[Round "9.9"]
[White "Akobian, Varuzhan"]
[Black "Stopa, Jacek"]
[Result "1-0"]
[WhiteTitle "GM"]
[BlackTitle "IM"]
[WhiteElo "2640"]
[BlackElo "2515"]
[WhiteFideId "13300580"]
[BlackFideId "1119591"]
[EventDate "2014.10.09"]

1. d4 d6 2. Nf3 f5 3. g3 Nf6 4. Bg2 g6 5. b3 Bg7 6. Bb2 O-O 7. O-O c6 8. c4 Na6
9. Nbd2 Qe8 10. a3 e5 11. dxe5 Ng4 12. Qc2 dxe5 13. Qc3 Rf7 14. e4 Re7 15. c5
Nc7 16. Rad1 Nb5 17. Qc2 Kh8 18. a4 Nd4 19. Nxd4 exd4 20. Nc4 fxe4 21. Nd6 Qf8
22. Bxe4 Bf6 23. Bg2 Bd7 24. Qd2 Re6 25. Rfe1 Qg7 26. Ne4 Rae8 27. Nxf6 1-0

[Event "Millionaire Chess Open 2014"]
[Site "Las Vegas USA"]
[Date "2014.10.13"]
[Round "9.10"]
[White "Najer, Evgeniy"]
[Black "Shabalov, Alexander"]
[Result "1-0"]
[WhiteTitle "GM"]
[BlackTitle "GM"]
[WhiteElo "2635"]
[BlackElo "2499"]
[WhiteFideId "4118987"]
[BlackFideId "2008572"]
[EventDate "2014.10.09"]

1. e4 c6 2. d4 d5 3. e5 Bf5 4. Nf3 e6 5. Be2 Nd7 6. O-O Bg6 7. Nbd2 Nh6 8. Nb3
Be7 9. a4 O-O 10. a5 a6 11. c4 dxc4 12. Bxc4 c5 13. Qe2 Nf5 14. Rd1 Bh5 15. d5
exd5 16. Rxd5 Kh8 17. Qd3 Bxf3 18. Rxd7 1-0